000 01409cam a2200193 4500500
005 20260201121412.0
041 _afre
042 _adc
100 1 0 _aSoriano, Véronique
_eauthor
245 0 0 _aRéflexions sur l'annonce du diagnostic précoce de surdité
260 _c2011.
500 _a26
520 _aRésuméL’annonce du diagnostic précoce de surdité, comme toute annonce de diagnostic, n’est pas sans conséquences sur la famille mais également sur les professionnels. Elle est chargée d’un potentiel traumatique dont les effets peuvent être immédiats mais aussi différés, voire à plusieurs répliques. Elle se définit plus comme un processus que comme un acte unique ou une information délivrée, et ce d’autant qu’elle intervient à un moment sensible de la vie des sujets concernés et dans des conditions spécifiques. Les professionnels ne peuvent être qu’alertés de ces effets et des mécanismes de défense à l’œuvre pour lutter contre le pouvoir de déliaison de cette annonce, qui peut entraver le processus de subjectivation et donc l’accession du sujet au langage ( lsf, orale) et à la culture.
690 _aannonce de diagnostic précoce
690 _aeffets
690 _asurdité
786 0 _nEmpan | 83 | 3 | 2011-10-01 | p. 79-85 | 1152-3336
856 4 1 _uhttps://shs.cairn.info/revue-empan-2011-3-page-79?lang=fr&redirect-ssocas=7080
999 _c1641908
_d1641908